| 000 | 00843nas a2200277 4500 | ||
|---|---|---|---|
| 001 | BR2014001141 | ||
| 003 | BR-BrBNA | ||
| 005 | 20231205123732.0 | ||
| 007 | ta | ||
| 008 | 230509b bl.|||p| |||| 00| 00por d | ||
| 040 |
_aBR-BrBNA _bpor _cBiblioteca Nacional de Agricultura |
||
| 041 | _a(Pt) | ||
| 072 | _aF06 | ||
| 100 | 1 | _aMonteiro, R.O.C. | |
| 100 | 1 | _aCosta, R.N.T. | |
| 100 | 1 | _aLeão, M.C.S. | |
| 100 | 1 | _aAguiar, J.V. de | |
| 245 | 1 | _aGerenciamento da irrigação do feijoeiro baseado em critérios técnicos e econômicos no cerrado | |
| 650 | _aCUCUMIS MELO | ||
| 650 | _aIRRIGAÇÃO | ||
| 650 | _aNUTRIENTE | ||
| 650 | _aDISPONIBILIDADE DE ÁGUA | ||
| 773 | 0 |
_tIrriga (Brazil) _xISSN 1808-3765 _g(Jul-Sep 2008), v. 13(3) p. 367-377 _wBR2014001141 |
|
| 909 |
_a202311 _bLúcia _c55 _dLúcia Elande |
||
| 942 |
_2AGRIS _n0 _cANA |
||
| 999 |
_c235436 _d235436 |
||